000 00274nam a22001217a 4500
008 181009b xxu||||| |||| 00| 0 eng d
041 _aeng
080 _a201
100 _a24
101 _aTEO
245 _aThe Spiritual Beliefs of the Shona
_cGelfand, M
942 _2udc
_cBK
999 _c49170
_d49170